Foreign assets and liabilities of the United States and its balance of international transactions

Đã lưu trong:
书目详细资料
格式: 图书
语言:Undetermined
出版: Washington 1947
主题:
标签: 添加标签
没有标签, 成为第一个标记此记录!
Thư viện lưu trữ: Trung tâm Học liệu Trường Đại học Cần Thơ
LEADER 00493nam a2200157Ia 4500
001 CTU_82235
008 210402s9999 xx 000 0 und d
082 |a 332.7 
082 |b F714 
245 0 |a Foreign assets and liabilities of the United States and its balance of international transactions 
260 |a Washington 
260 |c 1947 
650 |a Investments, american,Loans 
650 |z United states 
904 |i Trọng Hải 
980 |a Trung tâm Học liệu Trường Đại học Cần Thơ